00767nam a2200205Ia 4500003000900000008004100009020001800050040001600068080001500084110004600099245009800145260005700243300001400300490006500314650001900379650001900398942000700417999001700424952012000441IN-BaIIA211028s9999 xx 000 0 eng d a0-87891-505-2 cIIA Library a517.9bREA aResearch and Education Association918679 0aREA's problem solversbcalculuscResearch and Education Association  aNew JerseybResearch and Education Associationc1993 axvi,1088p aREA's problem solvers : A complete solution guide to any tex aCalculus91611 aNASA Thesaurus cBK c10929d10929 00104070aBANbBANcGENd1994-02-23g795.15l0o517.9/ REAp11841r2021-11-05v795.15w1994-02-23yBKGRs. 795.15